Statistics for Top 10 U.S. Cities with the Most Chinese

Click here to take the quiz!

General Stats

  • This quiz has been taken 315 times
  • The average score is 7 of 10

Answer Stats

#City%% Correct
486 kNew York City6.0
99%
66 kLos Angeles1.8
97%
172 kSan Francisco21.4
96%
43 kChicago1.6
85%
35 kSan Diego2.7
82%
29 kHouston1.3
72%
63 kSan Jose6.7
69%
30 kPhiladelphia2.0
63%
34 kOakland8.7
42%
38 kHonolulu10.2
41%

Score Distribution

Percentile by Number Answered

Percent of People with Each Score

Your Score History

You have not taken this quiz